00241nam a2200073Ia 4500082001900000245008300019100002400102008004100126 a746.43241 BREI 0aBrei vir die gesin : met meer as 3 inspirerende ontwerpe en volledige patrone  a Booysens, Hettie 210825s9999 xx 000 0 und d